Catálogo

El discípulo de Gutenberg / (Registro nro. 65711)

Detalles MARC
000 -LEADER
fixed length control field 00792nam a2200241 u 4500
001 - CONTROL NUMBER
control field 65711
005 - DATE AND TIME OF LATEST TRANSACTION
control field 20180714073151.0
008 - FIXED-LENGTH DATA ELEMENTS--GENERAL INFORMATION
fixed length control field 160630s2015 mx r 000 0 spa d
020 ## - INTERNATIONAL STANDARD BOOK NUMBER
International Standard Book Number 9788499189567
041 ## - LANGUAGE CODE
Language code of text/sound track or separate title spa
082 0# - DEWEY DECIMAL CLASSIFICATION NUMBER
Classification number 813.6
Item number CHR
100 1# - MAIN ENTRY--PERSONAL NAME
Personal name Christie, Alix,
Relator term autor
245 13 - TITLE STATEMENT
Title El discípulo de Gutenberg /
Statement of responsibility, etc. Alix Christie, traducción de Julia Osuna Aguilar.
250 ## - EDITION STATEMENT
Edition statement Primera edición
264 #1 - PRODUCTION, PUBLICATION, DISTRIBUTION, MANUFACTURE, AND COPYRIGHT NOTICE
Place of production, publication, distribution, manufacture México :
Name of producer, publisher, distributor, manufacturer Roca Editorial de Libros,
Date of production, publication, distribution, manufacture, or copyright notice 2015
300 ## - PHYSICAL DESCRIPTION
Extent 398 páginas ;
Dimensions 23 cm.
336 ## - CONTENT TYPE
Content type term texto
Source rdacontent
337 ## - MEDIA TYPE
Media type term sin mediación
Source rdamedia
338 ## - CARRIER TYPE
Carrier type term volumen
Source rdacarrier
650 #4 - SUBJECT ADDED ENTRY--TOPICAL TERM
Topical term or geographic name entry element Gutenberg, Johann, 1397-1468
General subdivision Ciencia ficción
650 #4 - SUBJECT ADDED ENTRY--TOPICAL TERM
Topical term or geographic name entry element Novela alemana
General subdivision Ciencia ficción
700 1# - ADDED ENTRY--PERSONAL NAME
Personal name Osuna Aguilar, Julia,
Relator term traductor
Existencias
Withdrawn status Lost status Source of classification or shelving scheme Damaged status Not for loan Collection code Home library Current library Shelving location Date acquired Source of acquisition Inventory number Total Checkouts Total Renewals Full call number Barcode Date last seen Date last checked out Price effective from Koha item type
    Dewey Decimal Classification     General Biblioteca Karol Wojtyla Biblioteca Karol Wojtyla Sala general 30/06/2016 Compra 151000000000000000032637 3 2 813.6 CHR 2015 95004 05/01/2026 23/06/2022 13/07/2016 Libro